[Event "Berlin Teschner Memorial"]
[Site "Berlin"]
[Date "2025.05.29"]
[Round "1"]
[White "Baldauf, Marco"]
[Black "Runge, David Pascal"]
[Result "1-0"]
[WhiteElo "2441"]
[BlackElo "1880"]
[PlyCount "97"]
[EventDate "2025.05.29"]
[EventType "swiss"]
[EventRounds "7"]
[EventCountry "GER"]
[SourceTitle "CB23_2025"]
[SourceDate "2025.06.04"]
[SourceVersion "1"]
[SourceVersionDate "2025.06.04"]
[SourceQuality "1"]

1. d4 d5 2. c4 e6 3. Nc3 Nf6 4. cxd5 exd5 5. Bg5 c6 6. e3 Be7 7. Bd3 0-0 8. Nge2 Re8 9. 0-0 Nbd7 10. Qc2 Nf8 11. Rad1 g6 12. f3 Ne6 13. Bh4 a5 14. a4 Rb8 15. h3 Nh5 16. Bf2 Ng5 17. f4 Nxh3+ 18. gxh3 Bxh3 19. Nc1 Bxf1 20. Bxf1 Bh4 21. Nd3 Bxf2+ 22. Qxf2 Qe7 23. Re1 Ng7 24. Bh3 Rbd8 25. Ne5 f6 26. Nd3 b6 27. Qc2 Nf5 28. Bxf5 gxf5 29. Nf2 Qg7+ 30. Kh2 Qh6+ 31. Nh3 Qh4 32. Qf2 Qxf2+ 33. Nxf2 Kf7 34. Kg2 Rg8+ 35. Kf3 Rg7 36. Ne2 Ke6 37. Rh1 Rdg8 38. Rh5 b5 39. axb5 cxb5 40. Nd3 a4 41. Nc5+ Kd6 42. Rxf5 Rf7 43. Nc3 Kc6 44. Nxd5 Rg6 45. Nc3 Ra7 46. Nd3 a3 47. Nxb5 a2 48. Nxa7+ Kb6 49. Rb5+ 1-0